Principles of surface water quality modeling and control

Uloženo v:
Podrobná bibliografie
Hlavní autor: Thomann, Robert V
Další autoři: Mueller, John A.
Médium: Kniha
Vydáno: New York : Harper Collins, 1987
Témata:
Tagy: Přidat tag
Žádné tagy, Buďte první, kdo vytvoří štítek k tomuto záznamu!

MARC

LEADER 00000nam a2200000Ia 4500
003 0000782
005 20221231144008.0
008 140114s1987 nyua 000 ||e d
040 |c cru CEDI 
082 |a 363.739.456 T453p 
100 |a Thomann, Robert V  |9 18825 
245 |a Principles of surface water quality modeling and control 
260 |a New York : Harper Collins,   |c 1987 
300 |a xii, 644 p. : ilustraciones. ; 24 cm. 
650 |x  MODELOS MATEMATICOS  |x CALIDAD DEL AGUA   |x  MEDICIONES  |9 18827 
700 |9 18826  |a Mueller, John A. 
942 |2 ddc  |c BK 
999 |c 15355  |d 15355